000
00308nam a2200133Ia 4500
005
20251222142023.0
008
251222s9999||||xx |||||||||||||| ||spa||
020
_a
84-9784-046-1
082
_a
791.433/F36D
100
_a
Feldman, Simón
245
0
_a
El Director de Cine:
264
_b
Gedisa
942
_c
LIB
999
_c
10701
_d
10701